[Event "International Championship of Central Se"]
[Site "Paracin, hotel "]
[Date "2016.07.11"]
[Round "5.38"]
[White "Stojkovska, Monika"]
[Black "Garic, Radomir"]
[Result "0-1"]
[WhiteElo "2005"]
[BlackElo "2317"]
[PlyCount "88"]
[EventDate "2016.07.07"]

1. e4 Nc6 2. Nf3 e5 3. d4 exd4 4. Nxd4 Bc5 5. Be3 Qf6 6. c3 Nge7 7. Bc4 Ne5 8.
Be2 Qg6 9. O-O d6 10. f3 O-O 11. Nd2 d5 12. Kh1 dxe4 13. fxe4 Bg4 14. Bg1 Bxe2
15. Qxe2 Bd6 16. Nf5 Rae8 17. Nc4 Nxc4 18. Qxc4 Nxf5 19. Rxf5 Qg4 20. Raf1 Qxe4
21. Qb3 Re6 22. c4 Rg6 23. Qf3 Qxf3 24. R1xf3 f6 25. Bc5 Bxc5 26. Rxc5 Rd8 27.
Kg1 c6 28. h3 Rd1+ 29. Rf1 Rxf1+ 30. Kxf1 Rg5 31. Rxg5 fxg5 32. Kf2 Kf7 33. Kf3
c5 34. Kf2 Kf6 35. Ke2 Ke5 36. Ke3 h5 37. g3 h4 38. Kf3 Kf5 39. b3 a6 40. a3 a5
41. a4 b6 42. Ke3 g4 43. gxh4 gxh3 44. Kf3 h2 0-1

[Event "International Championship of Central Se"]
[Site "Paracin, hotel "]
[Date "2016.07.11"]
[Round "5.39"]
[White "Radovic, Janko"]
[Black "Ozates, Tuna"]
[Result "1/2-1/2"]
[WhiteElo "2299"]
[BlackElo "2074"]
[PlyCount "40"]
[EventDate "2016.07.07"]

1. e4 c5 2. b4 cxb4 3. a3 e5 4. Nf3 d5 5. Nxe5 Nf6 6. Bb5+ Nbd7 7. exd5 Be7 8.
O-O O-O 9. d4 Nxd5 10. Qf3 Nxe5 11. dxe5 Be6 12. axb4 Nxb4 13. c3 a6 14. Be2
Nc6 15. Qg3 Kh8 16. Bf4 f6 17. Bf3 f5 18. Rd1 Qc7 19. h4 Rfd8 20. Nd2 Rd3
1/2-1/2

[Event "International Championship of Central Se"]
[Site "Paracin, hotel "]
[Date "2016.07.11"]
[Round "5.41"]
[White "Dimitrijevic, Nenad"]
[Black "Krasteva, Beloslava"]
[Result "1/2-1/2"]
[WhiteElo "2225"]
[BlackElo "1933"]
[PlyCount "42"]
[EventDate "2016.07.07"]

1. Nf3 d5 2. g3 Nf6 3. Bg2 e6 4. O-O Bd6 5. c4 Nbd7 6. b3 O-O 7. Bb2 c6 8. d3
e5 9. cxd5 cxd5 10. Nc3 a6 11. Nd2 Nb6 12. e4 d4 13. Ne2 Be6 14. h3 Qd7 15. Kh2
Rac8 16. f4 Bg4 17. Nc4 Nxc4 18. bxc4 Bxe2 19. Qxe2 Rfe8 20. f5 b5 21. cxb5
Qxb5 1/2-1/2

[Event "International Championship of Central Se"]
[Site "Paracin, hotel "]
[Date "2016.07.11"]
[Round "5.42"]
[White "Perovic, Zivojin"]
[Black "Djordjevic, Lazar"]
[Result "1/2-1/2"]
[WhiteElo "2219"]
[BlackElo "2022"]
[PlyCount "60"]
[EventDate "2016.07.07"]

1. e4 c5 2. Nf3 e6 3. c4 Nc6 4. Nc3 Nge7 5. Be2 d5 6. exd5 exd5 7. d4 cxd4 8.
Nxd4 dxc4 9. Ndb5 Qxd1+ 10. Nxd1 Nd5 11. Bxc4 Bb4+ 12. Ndc3 Nce7 13. O-O Bxc3
14. bxc3 O-O 15. Ba3 Rd8 16. Rfe1 Be6 17. Bxe7 Nxe7 18. Bxe6 fxe6 19. Rxe6 Nd5
20. c4 a6 21. Na3 Nf4 22. Re4 Rd3 23. Rxf4 Rxa3 24. g3 Rf8 25. Rd4 Raf3 26. Rd2
h6 27. Rb1 R8f7 28. Kg2 Rc3 29. Rb4 Re7 30. Rd8+ Kh7 1/2-1/2

[Event "International Championship of Central Se"]
[Site "Paracin, hotel "]
[Date "2016.07.11"]
[Round "5.43"]
[White "Tisma, Ivan"]
[Black "Chekletsov, Egor"]
[Result "0-1"]
[WhiteElo "2212"]
[BlackElo "2009"]
[PlyCount "84"]
[EventDate "2016.07.07"]

1. Nf3 Nf6 2. g3 e6 3. Bg2 d5 4. O-O Be7 5. c4 dxc4 6. Qa4+ c6 7. Qxc4 b5 8.
Qb3 Bb7 9. d4 O-O 10. Nc3 a6 11. Rd1 Qc8 12. Bg5 Nbd7 13. a4 b4 14. Ne4 a5 15.
Ne5 Nxe4 16. Bxe7 Re8 17. Bxe4 Nxe5 18. Bd6 Nd7 19. Rac1 Nf6 20. Bf3 Qd7 21.
Bc5 Qc7 22. e4 e5 23. d5 cxd5 24. exd5 Qd7 25. Bb6 e4 26. Rc7 Bxd5 27. Qe3 Qxa4
28. Be2 Ba2 29. Bd4 Rad8 30. Ra1 Qb3 31. Bxf6 gxf6 32. Rxa2 Qxa2 33. Bc4 Qb1+
34. Kg2 Rf8 35. Qb3 Qd1 36. Bxf7+ Kh8 37. Qe6 Qf3+ 38. Kh3 Qxf2 39. Bh5 Rd2 40.
Qe7 Qf1+ 41. Kg4 Qf3+ 42. Kh3 Qxh5# 0-1

[Event "International Championship of Central Se"]
[Site "Paracin, hotel "]
[Date "2016.07.11"]
[Round "5.44"]
[White "Cannesar, Rad"]
[Black "Ererdem, Gani Eren"]
[Result "0-1"]
[WhiteElo "1892"]
[BlackElo "2151"]
[PlyCount "58"]
[EventDate "2016.07.07"]

1. e4 g6 2. d4 d6 3. f4 Nf6 4. Nc3 Bg7 5. Nf3 O-O 6. Be2 c5 7. O-O cxd4 8. Nxd4
Nc6 9. Be3 Bd7 10. Bf3 Rc8 11. a4 Na5 12. Ndb5 Nc4 13. Bxa7 Nxb2 14. Qc1 Nxa4
15. Rxa4 Rxc3 16. Nxc3 Bxa4 17. e5 dxe5 18. fxe5 Qa5 19. Bd4 Nd7 20. Qa3 Nxe5
21. Bxe5 Bxe5 22. Nxa4 b5 23. Qxe7 bxa4 24. c4 Bb8 25. Kh1 Qe5 26. Qxe5 Bxe5
27. Bd5 Kg7 28. c5 f5 29. Rf3 Rd8 0-1

[Event "International Championship of Central Se"]
[Site "Paracin, hotel "]
[Date "2016.07.11"]
[Round "5.45"]
[White "Mitev, Valentin"]
[Black "Rabrenovic, Vladan"]
[Result "1-0"]
[WhiteElo "2073"]
[BlackElo "2369"]
[PlyCount "59"]
[EventDate "2016.07.07"]

1. d4 d6 2. e4 g6 3. Nc3 Bg7 4. f4 a6 5. Nf3 b5 6. Bd3 Nd7 7. Be3 Bb7 8. Qd2
Ngf6 9. e5 Nd5 10. h4 c5 11. Nxd5 Bxd5 12. c3 cxd4 13. cxd4 e6 14. h5 Nb6 15.
b3 Qd7 16. Kf2 Qb7 17. hxg6 hxg6 18. Rxh8+ Bxh8 19. Rh1 Bg7 20. Rh7 Bxf3 21.
gxf3 Kf8 22. f5 Kg8 23. fxg6 fxg6 24. Bxg6 Rf8 25. Qe2 Qd5 26. Rxg7+ Kxg7 27.
Be4 Qxe4 28. Bh6+ Kxh6 29. Qxe4 dxe5 30. Qc6 1-0

[Event "International Championship of Central Se"]
[Site "Paracin, hotel "]
[Date "2016.07.11"]
[Round "5.46"]
[White "Jovanovic, Aleksandar D"]
[Black "Radovic, Luka"]
[Result "1-0"]
[WhiteElo "2148"]
[BlackElo "2276"]
[PlyCount "73"]
[EventDate "2016.07.07"]

1. e4 e6 2. Nh3 d5 3. f3 c5 4. d3 Nc6 5. g3 Nf6 6. Bg2 Be7 7. O-O O-O 8. Re1 e5
9. Nf2 Be6 10. Nd2 dxe4 11. fxe4 b5 12. Nf1 c4 13. Be3 Qc7 14. g4 Rfd8 15. Ng3
Nd7 16. Nf5 Bc5 17. g5 Qb6 18. Ng4 Nf8 19. Kh1 Ng6 20. Qc1 cxd3 21. cxd3 Bxe3
22. Rxe3 Nd4 23. Rh3 Rac8 24. Qf1 Nf4 25. Ne7+ Kh8 26. Nxc8 Rxc8 27. Nxe5 Nxh3
28. Bxh3 Qc7 29. Nxf7+ Kg8 30. g6 h6 31. Bxe6 Nxe6 32. Qf5 Nf4 33. Rf1 Nxd3 34.
Qd5 Qc4 35. Nxh6+ Kh8 36. Nf7+ Kg8 37. Qf5 1-0

[Event "International Championship of Central Se"]
[Site "Paracin, hotel "]
[Date "2016.07.11"]
[Round "5.48"]
[White "Can, Isik"]
[Black "Cvetkovic, Nemanja"]
[Result "0-1"]
[WhiteElo "2072"]
[BlackElo "2227"]
[PlyCount "58"]
[EventDate "2016.07.07"]

1. e4 Nf6 2. e5 Nd5 3. d4 d6 4. c4 Nb6 5. exd6 exd6 6. Nc3 Be7 7. Bd3 Nc6 8.
Nge2 O-O 9. O-O Bf6 10. b3 Bg4 11. Be3 Qd7 12. f3 Bf5 13. Bxf5 Qxf5 14. Ng3 Qd7
15. Nge4 Qd8 16. d5 Bxc3 17. Nxc3 Ne7 18. Qd3 Qd7 19. Ne4 Qf5 20. Bd4 Nd7 21.
Rfe1 Rfe8 22. Re2 Qg6 23. Rae1 Nf5 24. Bb2 Ne5 25. Bxe5 dxe5 26. Nc5 b6 27.
Rxe5 Rxe5 28. Rxe5 Nh4 29. Ne4 Qxg2# 0-1

[Event "International Championship of Central Se"]
[Site "Paracin, hotel "]
[Date "2016.07.11"]
[Round "5.49"]
[White "Kisic, Bozidar"]
[Black "Stanojevic, Ilija"]
[Result "1/2-1/2"]
[WhiteElo "2215"]
[BlackElo "2119"]
[PlyCount "136"]
[EventDate "2016.07.07"]

1. d4 d5 2. c4 dxc4 3. e4 Nc6 4. Be3 Nf6 5. f3 e5 6. d5 Ne7 7. Bxc4 Ng6 8. Ne2
Bd6 9. Nbc3 Bd7 10. Qd2 a6 11. a3 Qe7 12. Nc1 O-O 13. Nd3 Rfd8 14. g4 b5 15.
Ba2 a5 16. a4 b4 17. Nb5 Bxb5 18. axb5 Nf4 19. Rc1 a4 20. O-O g5 21. Nc5 b3 22.
Bb1 Rdb8 23. Bd3 Qe8 24. Na6 Rb7 25. Rc6 Nd7 26. Ra1 Nb8 27. Rxa4 Nxc6 28. dxc6
Rbb8 29. Bc4 Rd8 30. Qc3 Qe7 31. Qxb3 Rac8 32. Ra1 Kg7 33. Rd1 h5 34. Bd5 hxg4
35. fxg4 Rh8 36. b6 cxb6 37. Qxb6 Rh3 38. Bxf4 gxf4 39. Qb7 Qh4 40. Qxf7+ Kh8
41. Qe6 Rd8 42. c7 Bxc7 43. Nxc7 Rxh2 44. Qxe5+ Kh7 45. Qf5+ Kh8 46. Qh5+ Qxh5
47. gxh5 Rxb2 48. e5 Re2 49. e6 Rc8 50. Rc1 Re5 51. Rc5 Kg7 52. e7 Rxe7 53.
Ne6+ Rxe6 54. Rxc8 Rd6 55. Rc5 Kh6 56. Bf7 Rf6 57. Bg6 f3 58. Kf2 Rf4 59. Rc7
Kg5 60. Rc5+ Kh6 61. Rc6 Kg7 62. Bd3 Rf6 63. Rc7+ Kh6 64. Rh7+ Kg5 65. Be4 Rh6
66. Rg7+ Kxh5 67. Bxf3+ Kh4 68. Ke3 Re6+ 1/2-1/2

[Event "International Championship of Central Se"]
[Site "Paracin, hotel "]
[Date "2016.07.11"]
[Round "5.50"]
[White "Jovanovic, Sasa T"]
[Black "Malinarski, Yehuda"]
[Result "1-0"]
[WhiteElo "2194"]
[BlackElo "2104"]
[PlyCount "55"]
[EventDate "2016.07.07"]

1. d4 Nf6 2. c4 g6 3. Nc3 Bg7 4. e4 d6 5. Nf3 O-O 6. Be2 Nc6 7. d5 Nb8 8. O-O
e5 9. Ne1 a5 10. Nd3 Nfd7 11. Be3 Na6 12. a3 f5 13. b4 Nf6 14. f3 c6 15. b5 Nb8
16. bxc6 bxc6 17. Rb1 c5 18. exf5 gxf5 19. f4 Ne4 20. Nb5 Nd7 21. Nf2 Nxf2 22.
Rxf2 Ra6 23. Rf3 Nf6 24. fxe5 dxe5 25. Bxc5 Ne4 26. Bxf8 Bxf8 27. Qe1 Bc5+ 28.
Kh1 1-0

[Event "International Championship of Central Se"]
[Site "Paracin, hotel "]
[Date "2016.07.11"]
[Round "5.51"]
[White "Suc, Timothy"]
[Black "Djokic, Slavoljub"]
[Result "0-1"]
[WhiteElo "2034"]
[BlackElo "2167"]
[PlyCount "108"]
[EventDate "2016.07.07"]

1. e4 d5 2. exd5 Qxd5 3. Nc3 Qa5 4. Bc4 Nf6 5. d3 c6 6. Bd2 Bg4 7. f3 Bf5 8.
Qe2 e6 9. g4 Bg6 10. f4 Be7 11. O-O-O h5 12. f5 exf5 13. Nd5 Qd8 14. Nxf6+ gxf6
15. Re1 Kf8 16. gxh5 Rxh5 17. Nf3 b5 18. Bb3 a5 19. a4 Ra7 20. Rhg1 bxa4 21.
Bxa4 Bd6 22. Qf2 Re7 23. Rxe7 Qxe7 24. h4 Bc5 25. d4 Bb4 26. c3 Bd6 27. Bc2 Nd7
28. Ne1 Nb6 29. Bd1 Qe4 30. Bxh5 Bxh5 31. Nc2 f4 32. Re1 Qf5 33. Kb1 Bg6 34.
Bc1 a4 35. Rh1 Nd5 36. h5 Bh7 37. h6 a3 38. Ka2 axb2 39. Kxb2 Qd3 40. Qd2 Qb5+
41. Ka2 Qc4+ 42. Kb2 Nb6 43. Nb4 Na4+ 44. Ka1 Nxc3 45. Na2 Ne4 46. Qa5 Ke7 47.
Re1 Qxd4+ 48. Bb2 Qf2 49. Nc1 f3 50. Nd3 Qc2 51. Qa7+ Kd8 52. Qd4 c5 53. Qd5 f2
54. Rxe4 f1=Q+ 0-1

[Event "International Championship of Central Se"]
[Site "Paracin, hotel "]
[Date "2016.07.11"]
[Round "5.52"]
[White "Apontecastillo, Ernesto"]
[Black "Zivic, Dragan"]
[Result "1-0"]
[WhiteElo "2100"]
[BlackElo "2244"]
[PlyCount "101"]
[EventDate "2016.07.07"]

1. e4 c5 2. Nf3 e6 3. d3 Nc6 4. g3 Nf6 5. Bg2 d5 6. Qe2 Be7 7. O-O O-O 8. e5
Nd7 9. c4 dxc4 10. dxc4 Qc7 11. Bf4 a6 12. Rd1 b6 13. h4 Rd8 14. h5 h6 15. Nbd2
Bb7 16. Nf1 Nf8 17. N1h2 Nh7 18. Ng4 Nd4 19. Nxd4 cxd4 20. Nf6+ Kh8 21. Bxb7
Qxb7 22. Ne4 Nf8 23. Rd3 Rac8 24. b3 b5 25. Rc1 bxc4 26. bxc4 Qb4 27. Kh2 Qa5
28. Nd6 Bxd6 29. exd6 f6 30. Rxd4 Rc5 31. Be3 Rxh5+ 32. Kg1 Nd7 33. Rd2 Qf5 34.
Rdd1 Ne5 35. f4 Ng4 36. Bb6 Rg8 37. Qd3 Rh1+ 38. Kxh1 Qh5+ 39. Kg2 Qh2+ 40. Kf1
Rb8 41. d7 f5 42. d8=Q+ Rxd8 43. Qxd8+ Kh7 44. Qd3 Qh1+ 45. Ke2 Qg2+ 46. Ke1
Nh2 47. Bf2 Ng4 48. Rc2 h5 49. c5 Qc6 50. Ke2 Nf6 51. Qf3 1-0

[Event "International Championship of Central Se"]
[Site "Paracin, hotel "]
[Date "2016.07.11"]
[Round "5.53"]
[White "Kuzmanovic, Slobodan"]
[Black "Soilemetzidis, Konstantinos"]
[Result "0-1"]
[WhiteElo "2161"]
[BlackElo "2035"]
[PlyCount "92"]
[EventDate "2016.07.07"]

1. e4 g6 2. d4 Bg7 3. c3 d5 4. exd5 Nf6 5. Nf3 Nxd5 6. Nbd2 O-O 7. Bc4 Nf4 8.
O-O Be6 9. Re1 c5 10. dxc5 Qc7 11. Qb3 Nd3 12. Rxe6 Nxc5 13. Qd1 Nxe6 14. Bxe6
fxe6 15. Ng5 Qe5 16. Ndf3 Qd5 17. Qe2 e5 18. c4 Qd6 19. c5 Qa6 20. Qe4 Rd8 21.
Be3 Qd3 22. Qxb7 h6 23. h3 Qd5 24. Qxd5+ Rxd5 25. Ne6 Na6 26. Nxg7 Kxg7 27. Rc1
Rc8 28. Nd2 Nb4 29. Rc4 Nc6 30. b4 Rb8 31. a3 Rd3 32. Ne4 Rxa3 33. Bd2 Rb3 34.
f4 exf4 35. Bc3+ Kg8 36. Nd2 Ra3 37. Nb1 Rb3 38. Nd2 R3xb4 39. Bxb4 Rxb4 40.
Rc2 a5 41. Kf2 e5 42. Nc4 e4 43. Nd6 e3+ 44. Kg1 Rb1+ 45. Kh2 a4 46. Ra2 a3 0-1

[Event "International Championship of Central Se"]
[Site "Paracin, hotel "]
[Date "2016.07.11"]
[Round "5.54"]
[White "Mamontova, Anastasia"]
[Black "Petrovic, Marija"]
[Result "0-1"]
[WhiteElo "2084"]
[BlackElo "2105"]
[PlyCount "118"]
[EventDate "2016.07.07"]

1. d4 d6 2. c4 e5 3. d5 f5 4. e4 fxe4 5. Nc3 Nf6 6. Nge2 Be7 7. Ng3 O-O 8.
Ncxe4 Nxe4 9. Nxe4 Bf5 10. Bd3 Nd7 11. Be3 Bxe4 12. Bxe4 Bg5 13. Qh5 h6 14. Qg6
Qf6 15. Qxf6 Rxf6 16. Bxg5 hxg5 17. Ke2 Nc5 18. Bc2 a5 19. b3 Raf8 20. Rhf1 Rf4
21. Ke3 Kf7 22. g3 Rf6 23. Bd1 Rh8 24. Rh1 Rfh6 25. Bg4 Rxh2 26. Rxh2 Rxh2 27.
Rb1 Kf6 28. a3 e4 29. Be2 Ke5 30. b4 axb4 31. axb4 Nd7 32. Ra1 Rh8 33. Bf1 Nf6
34. Be2 b5 35. cxb5 Nxd5+ 36. Kd2 Rf8 37. Ke1 Nxb4 38. Rc1 Rf7 39. Kd2 Nd5 40.
Ke1 Nb6 41. Bh5 Re7 42. Kd2 d5 43. f3 Nc4+ 44. Ke2 exf3+ 45. Bxf3 Kd4+ 46. Kf2
Kc5 47. Rb1 Rf7 48. Rd1 g4 49. Rxd5+ Kb6 50. Rd4 Rxf3+ 51. Ke2 Nd6 52. Rxg4 Rf7
53. Kd3 Kxb5 54. Kd4 c5+ 55. Kd5 Ne8 56. Rh4 Rc7 57. Rh1 Rd7+ 58. Ke6 Rd3 59.
Kf7 Rxg3 0-1

[Event "International Championship of Central Se"]
[Site "Paracin, hotel "]
[Date "2016.07.11"]
[Round "5.37"]
[White "Bejatovic, Bojana"]
[Black "Dimitrov, Vladimir"]
[Result "1/2-1/2"]
[WhiteElo "2019"]
[BlackElo "2413"]
[PlyCount "88"]
[EventDate "2016.07.07"]

1. d4 Nf6 2. Nf3 e6 3. Bg5 h6 4. Bxf6 Qxf6 5. Nbd2 d6 6. e4 Nd7 7. c3 g5 8. Nc4
b6 9. Bd3 Bb7 10. Qe2 Qg7 11. O-O-O a6 12. Nfd2 Be7 13. Rhf1 Rg8 14. g3 g4 15.
f4 gxf3 16. Nxf3 h5 17. Rde1 O-O-O 18. Ne3 b5 19. a4 c6 20. d5 Nc5 21. Nd4 cxd5
22. exd5 bxa4 23. dxe6 fxe6 24. Nxe6 Nxe6 25. Nf5 Bg5+ 26. Kb1 Qc7 27. Qxe6+
Kb8 28. Nd4 Qb6 29. Qc4 a3 30. Qb3 Qxb3 31. Nxb3 axb2 32. Kxb2 Rdf8 33. Nd4 Bd2
34. Rb1 Rxf1 35. Rxf1 Rc8 36. Ne2 Be3 37. Rf5 Rh8 38. Ra5 Bb6 39. Rf5 h4 40. g4
h3 41. g5 Rh4 42. g6 Rg4 43. Rh5 Bf3 44. Rxh3 Bxe2 1/2-1/2